Azylová politika Európskej únie bakalárska práca

Gespeichert in:
Bibliographische Detailangaben
1. Verfasser: Kočanová, Natália
Körperschaft: Obchodná fakulta EU. Katedra medzinárodného obchodu
Weitere Verfasser: Steinhauser, Dušan, 1988-
Format: Buch
Sprache:Slowakisch
Veröffentlicht: Bratislava 2018
Tags: Tag hinzufügen
Keine Tags, Fügen Sie das erste Tag hinzu!

MARC

LEADER 00000nbm a2200000 4500
001 0245113
005 20180926143545.4
041 0 |a slo 
044 |a SK 
245 1 0 |a Azylová politika Európskej únie  |b bakalárska práca  |c Natália Kočanová ; školiteľ: Dušan Steinhauser 
264 1 |a Bratislava  |c 2018 
300 |a 50 s. 
100 1 |a Kočanová, Natália 
700 1 |a Steinhauser, Dušan, 1988- 
710 2 |a Obchodná fakulta EU. Katedra medzinárodného obchodu